| 000 | 00829ngm a2200193 a 4500 | ||
|---|---|---|---|
| 005 | 20210223125623.0 | ||
| 008 | 050418s2002 mx 120 aaspa d | ||
| 035 | _aUPN01000138111 | ||
| 049 | _aAV | ||
| 050 | 4 | _aDVD E 19 | |
| 245 | 0 | 4 |
_aLos 70's : _bfue la década en que todo cambió-- excepto su amistad / _cdir. Peter Werner. |
| 260 |
_a[E.U.A.] : _bUSA video, _cc2002. |
||
| 300 |
_a1 DVD (120 min.) : _bson. col. ; _c4 3/4 plg. |
||
| 511 | 1 | _aReparto: Vanessa Shaw, Guy Torry | |
| 520 | _aLos años 70, una década que cambió muchas vidas para siempre; este video trata de la vida de 4 estudiantes que se ven envueltos en una década llena de disturbios, revueltas estudiantiles y de música disco | ||
| 651 | 4 |
_aESTADOS UNIDOS - _xCIVILIZACION - _y1970- _9674 |
|
| 700 | 1 |
_aWerner, Peter, _edir. |
|
| 905 | _aElectrónico | ||
| 999 |
_c110259 _d110259 |
||